| 000 | 00366nam a2200133Ia 4500 | ||
|---|---|---|---|
| 008 | 231129s2004||||xx |||||||||||||| ||spa|| | ||
| 020 | _a958-04-8194-6 (Serie | ||
| 040 | _bspa | ||
| 082 | _a510.7 E77 | ||
| 245 | 0 | _aEspiral: serie de matematicas para basica secundaria y media | |
| 260 | _c2004 | ||
| 264 | _aNorma | ||
| 942 |
_2ddc _cBKS |
||
| 999 |
_c13450 _d13450 |
||